000 00579nam a2200181 i 4500
001 146090
003 ES-MaACL
005 20250323063044.0
007 t|
008 070731s1942 sp ||||1| spa d
080 _a86-23"19"
100 1 _aTorrente Ballester, Gonzalo,
_d1910-1999
_9110850
245 1 0 _aRepública Barataria
_b: teomaquia en tres actos, el primero dividido en dos cuadros /
_cGonzalo Torrente Ballester.
260 _aMadrid :
_bEscorial,
_c1942.
300 _a193 p. ;
_c24 cm.
852 _aES-MaACL
_jA-1622
_bR.19571
999 _c146090
_d146090